000 00839nam a22002297a 4500
005 20250725145120.0
008 250725b |||||||| |||| 00| 0 eng d
020 _a978-93-5536-660-3 (hbk)
037 _cTB
040 _aCRL
_cCRL
041 _2hin
_ahin
084 _aO152,1N57x R4
_qCRL
100 _aशर्मा, मधुसूदन
_9816563
245 _aकिरचें
260 _aजयपुर, भारत:
_bबोधि प्रकाशन,
_c2024.
300 _a171पृ.
365 _b249.00
_cINR
650 _aहिन्दी कविता
650 _aहिन्दी साहित्य
942 _2CC
_cTB
_hO152,1N57x R4
_n0
999 _c1434307
_d1434307